2023's Most Sold Cars in Europe - Statistics

General Stats
  • This quiz has been taken 66 times
  • The average score is 4 of 10
Answer Stats
# sold Car % Correct
183,716 Volkswagen Golf
90%
201,604 Renault Clio
53%
176,285 Toyota Yaris Cross
51%
193,679 Peugeot 208
41%
251,604 Tesla Model Y
39%
188,154 Opel (Vauxhall) Corsa
37%
160,622 Skoda Octavia
36%
173,187 Fiat 500
34%
234,715 Dacia Sandero
27%
204,610 Volkswagen T-Roc
24%
No matching quizzes found
Score Distribution
Percent of People with Each Score
Percentile by Number Answered
Your Score History
You have not taken this quiz